Tự khắc phục máy tính khi bị vi rút tấn công
Salvato in:
| Autore principale: | |
|---|---|
| Natura: | Libro |
| Lingua: | Vietnamese |
| Pubblicazione: |
Sunshine
2010
|
| Tags: |
Aggiungi Tag
Nessun Tag, puoi essere il primo ad aggiungerne! !
|
| Thư viện lưu trữ: | Mạng thư viện Đại học Đà Nẵng |
|---|
| LEADER | 00637nam a2200277 4500 | ||
|---|---|---|---|
| 001 | 000025470 | ||
| 003 | 1042 | ||
| 005 | 20150325120000.0 | ||
| 008 | 150325s vm 000 vie | ||
| 020 | |c 45000,0000 | ||
| 040 | |a D2 | ||
| 100 | |a water PC | ||
| 245 | |a Tự khắc phục máy tính khi bị vi rút tấn công | ||
| 260 | |b Sunshine |c 2010 | ||
| 300 | |a 328tr. ; | ||
| OWN | |a LTT | ||
| 999 | |a From the UDN01 | ||
| TYP | |a Monograph | ||
| TYP | |a Printed language | ||
| 980 | |a Mạng thư viện Đại học Đà Nẵng | ||